Pays ayant gagné la coupe du monde (football) - Statistiques

Statistiques générales
  • Ce quiz a été pris 406 fois
  • Le résultat moyen est 19 sur 20
Statistiques - réponses
Hint Réponse % Correct
1998 France
99%
1958 Brésil
98%
1962 Brésil
98%
1970 Brésil
98%
1994 Brésil
98%
2002 Brésil
98%
2014 Allemagne
97%
1954 R.F.A
97%
1974 R.F.A
97%
1990 R.F.A
97%
1934 Italie
95%
1938 Italie
95%
1982 Italie
95%
2006 Italie
95%
2010 Espagne
94%
1978 Argentine
92%
1986 Argentine
92%
1930 Uruguay
83%
1950 Uruguay
83%
1966 Angleterre
81%
Aucun quiz correspondant
Distribution des résultats
% des personnes avec chaque résultat
Percentile par nombre de réponses
Votre historique - résultats
Vous n’avez pas pris ce quiz